书目信息 |
| 题名: |
驾校经营导航
|
|
| 作者: | 范立 编著 | |
| 分册: | ||
| 出版信息: | 北京 人民交通出版社 2014 |
|
| 页数: | 181页 | |
| 开本: | 24cm | |
| 丛书名: | ||
| 单 册: | ||
| 中图分类: | U471.3-40 , U471.3 | |
| 科图分类: | ||
| 主题词: | 汽车驾驶员--训练班--经营管理--教材 | |
| 电子资源: | ||
| ISBN: | 978-7-114-11033-7 | |
| 000 | 00854nam0 2200253 450 | |
| 001 | 2327840664 | |
| 005 | 20231130165857.16 | |
| 010 | @a978-7-114-11033-7@dCNY48.00 | |
| 100 | @a20140508d2014 em y0chiy50 ea | |
| 101 | 0 | @achi |
| 102 | @aCN@b110000 | |
| 105 | @aa z 000yy | |
| 200 | 1 | @a驾校经营导航@Ajia xiao jing ying dao hang@f范立[等]编著 |
| 205 | @a2版 | |
| 210 | @a北京@c人民交通出版社@d2014 | |
| 215 | @a181页@c彩图@d24cm | |
| 300 | @a道路运输经理人培训教材 | |
| 330 | @a本书由驾校的发展及展望、驾校校长的职责、驾校建设规划、驾校的制度化管理、驾校安全管理与教育、驾校教练员管理、驾校学员管理、驾校财务管理、驾校教学与组织等部分组成。 | |
| 606 | 0 | @a汽车驾驶员@x训练班@x经营管理@j教材 |
| 690 | @aU471.3-40@v5 | |
| 690 | @aU471.3@v4 | |
| 701 | 0 | @a范立@Afan li@4编著 |
| 801 | 0 | @aCN@b山东中教@c20231126 |
| 905 | @aBZT@dU471.3@e16=2 | |
| 驾校经营导航/范立[等]编著.-2版.-北京:人民交通出版社,2014 |
| 181页:彩图;24cm |
| 道路运输经理人培训教材 |
| ISBN 978-7-114-11033-7:CNY48.00 |
| 本书由驾校的发展及展望、驾校校长的职责、驾校建设规划、驾校的制度化管理、驾校安全管理与教育、驾校教练员管理、驾校学员管理、驾校财务管理、驾校教学与组织等部分组成。 |
| ● |
| 相关链接 |
|
|
|
正题名:驾校经营导航
索取号:U471.3/16=2
 
预约/预借
| 序号 | 登录号 | 条形码 | 馆藏地/架位号 | 状态 | 备注 |
| 1 | 2001201109 | 2001201109 | 中教(第二批第二书库)/山东中教(第二批)/203/ [索取号:U471.3/16=2] | 在馆 | |
| 2 | 2001201110 | 2001201110 | 中教(第二批第二书库)/山东中教(第二批)/203/ [索取号:U471.3/16=2] | 在馆 | |
| 3 | 2001201111 | 2001201111 | 中教(第二批第二书库)/山东中教(第二批)/203/ [索取号:U471.3/16=2] | 在馆 | |
| 4 | 2001201112 | 2001201112 | 中教(第二批第二书库)/山东中教(第二批)/203/ [索取号:U471.3/16=2] | 在馆 | |
| 5 | 2001201113 | 2001201113 | 中教(第二批第二书库)/山东中教(第二批)/203/ [索取号:U471.3/16=2] | 在馆 | |
| 6 | 2001201114 | 2001201114 | 中教(第二批第二书库)/山东中教(第二批)/203/ [索取号:U471.3/16=2] | 在馆 | |
| 7 | 2001201115 | 2001201115 | 中教(第二批第二书库)/山东中教(第二批)/203/ [索取号:U471.3/16=2] | 在馆 | |
| 8 | 2001201116 | 2001201116 | 中教(第二批第二书库)/山东中教(第二批)/203/ [索取号:U471.3/16=2] | 在馆 | |
| 9 | 2001201117 | 2001201117 | 中教(第二批第二书库)/山东中教(第二批)/203/ [索取号:U471.3/16=2] | 在馆 | |
| 10 | 2001201118 | 2001201118 | 中教(第二批第二书库)/山东中教(第二批)/203/ [索取号:U471.3/16=2] | 在馆 | |
| 11 | 2001201119 | 2001201119 | 中教(第二批第二书库)/山东中教(第二批)/203/ [索取号:U471.3/16=2] | 在馆 | |
| 12 | 2001201120 | 2001201120 | 中教(第二批第二书库)/山东中教(第二批)/203/ [索取号:U471.3/16=2] | 在馆 | |
| 13 | 2001201121 | 2001201121 | 中教(第二批第二书库)/山东中教(第二批)/203/ [索取号:U471.3/16=2] | 在馆 | |
| 14 | 2001201122 | 2001201122 | 中教(第二批第二书库)/山东中教(第二批)/203/ [索取号:U471.3/16=2] | 在馆 | |
| 15 | 2001201123 | 2001201123 | 中教(第二批第二书库)/山东中教(第二批)/203/ [索取号:U471.3/16=2] | 在馆 | |
| 16 | 2001201124 | 2001201124 | 中教(第二批第二书库)/山东中教(第二批)/203/ [索取号:U471.3/16=2] | 在馆 | |
| 17 | 2001201125 | 2001201125 | 中教(第二批第二书库)/山东中教(第二批)/203/ [索取号:U471.3/16=2] | 在馆 | |
| 18 | 2001201126 | 2001201126 | 中教(第二批第二书库)/山东中教(第二批)/203/ [索取号:U471.3/16=2] | 在馆 | |
| 19 | 2001201127 | 2001201127 | 中教(第二批第二书库)/山东中教(第二批)/203/ [索取号:U471.3/16=2] | 在馆 | |
| 20 | 2001201128 | 2001201128 | 中教(第二批第二书库)/山东中教(第二批)/203/ [索取号:U471.3/16=2] | 在馆 | |
| 21 | 2001201129 | 2001201129 | 中教(第二批第二书库)/山东中教(第二批)/203/ [索取号:U471.3/16=2] | 在馆 | |
| 22 | 2001201130 | 2001201130 | 中教(第二批第二书库)/山东中教(第二批)/203/ [索取号:U471.3/16=2] | 在馆 | |
| 23 | 2001201131 | 2001201131 | 中教(第二批第二书库)/山东中教(第二批)/203/ [索取号:U471.3/16=2] | 在馆 | |
| 24 | 2001201132 | 2001201132 | 中教(第二批第二书库)/山东中教(第二批)/203/ [索取号:U471.3/16=2] | 在馆 | |
| 25 | 2001201133 | 2001201133 | 中教(第二批第二书库)/山东中教(第二批)/203/ [索取号:U471.3/16=2] | 在馆 | |
| 26 | 2001201134 | 2001201134 | 中教(第二批第二书库)/山东中教(第二批)/203/ [索取号:U471.3/16=2] | 在馆 | |
| 27 | 2001201135 | 2001201135 | 中教(第二批第二书库)/山东中教(第二批)/203/ [索取号:U471.3/16=2] | 在馆 | |
| 28 | 2001201136 | 2001201136 | 中教(第二批第二书库)/山东中教(第二批)/203/ [索取号:U471.3/16=2] | 在馆 | |
| 29 | 2001201137 | 2001201137 | 中教(第二批第二书库)/山东中教(第二批)/203/ [索取号:U471.3/16=2] | 在馆 | |
| 30 | 2001201138 | 2001201138 | 中教(第二批第二书库)/山东中教(第二批)/203/ [索取号:U471.3/16=2] | 在馆 |